00482nam a2200181Ia 4500003000400000005001700004008004100021020001800062040000700080041000800087082002700095100001700122245009300139250000600232260003000238300001800268365001400286OSt20230509164217.0210423s2009 xx 000 0 und d a9781420080117 cAL aeng a615.9020724 223bEVAG aEVANS (G O). aAnimal clinical chemistry: practical guide for toxicologists and biomedical researchers. a2 aNew YorkbCRC Pressc2009 axiii,345.bPB b4139cINR